| 000 | 00556nam a2200217Ia 4500 | ||
|---|---|---|---|
| 001 | 12978 | ||
| 003 | GE_BSU | ||
| 008 | 181216s||||||||xx |||||||||||||| ||und|| | ||
| 020 | _a9781907410123 | ||
| 040 | _cGE_BSU | ||
| 080 | _a821.111-32 | ||
| 100 | _aCast,Kristin. | ||
| 245 | _aBetvayed. A House of Night Novel. | ||
| 245 | _bBook two of the house of night. | ||
| 260 | _aLondon. | ||
| 260 | _bMixed Sources. | ||
| 260 | _c2007 | ||
| 300 | _a392p;18cm. | ||
| 653 | _aBetvayed. A House of Night Novel.Book two of the house of night. | ||
| 942 | _cBK | ||
| 999 |
_c46146 _d46146 |
||